The politics of world communication : a human rights perspective

Αποθηκεύτηκε σε:
Λεπτομέρειες βιβλιογραφικής εγγραφής
Κύριος συγγραφέας: Hamelink, Cees J. 1940-
Μορφή: Βιβλίο
Γλώσσα:English
Δημοσίευση: London : Sage Publication, c1994
Σειρά:Communication and human values
Θέματα:
Ετικέτες: Προσθήκη ετικέτας
Δεν υπάρχουν, Καταχωρήστε ετικέτα πρώτοι!

MARC

LEADER 00000nam a2200000 i 4500
001 1/13826
008 001129s1998 eng d
020 |a 0-8039-7823-5 
035 |l 10064766 
040 |a GR-MY-UA  |b gre  |e aacr 
041 0 |a eng 
082 0 |a 302.2 
100 1 |a Hamelink, Cees J.  |d 1940- 
245 1 4 |a The politics of world communication :  |b a human rights perspective /  |c Cees J. Hamelink 
260 |a London :   |b Sage Publication,   |c c1994 
300 |a xiii, 337 p. 
490 1 |a Communication and human values 
504 |a Includes bibliographical references and index 
650 0 0 |a Communication, International. 
650 0 0 |a Communication  |x International cooperation. 
650 0 0 |a World politics  |y 20th century. 
650 0 0 |a Human rights. 
830 0 |a Communication and human values 
852 |a INST  |b LESVOS  |e 20001129  |h 302.2 HAM  |p 005100029465  |q 005100029465  |t BK  |y 0 
901 |a BIBL1-2000-3 
909 |a Λ  |b 082773 
922 |a 1ΕΛΗ  |b 200011  |c ΤΑΚ/ΠΤΕ  |d ΜΙΧΑΛΟΠΟΥΛΟΣ 
950 |a 185-2000-09-13 
970 |a ΤΖΑΦΕΡΗ  |b ΕΥΑΓΓΕΛΙΑ  |z 2000/12/05